| 000 | 00980nas a2200337 4500 | ||
|---|---|---|---|
| 001 | BR8304295 | ||
| 003 | BR-BrBNA | ||
| 005 | 20231205085647.0 | ||
| 007 | ta | ||
| 008 | 230509b bl.|||p| |||| 00| 00por d | ||
| 040 |
_aBR-BrBNA _bpor _cBiblioteca Nacional de Agricultura |
||
| 041 | _a(En) | ||
| 072 | _aF10 | ||
| 100 | 1 | _aMatsui, E. | |
| 100 | 1 | _aSalati, E. | |
| 100 | 1 | _aRibeiro, M.N.G. | |
| 100 | 1 | _aReis, C.M. | |
| 100 | 1 | _aTancredi, A.C.S.N.F. | |
| 100 | 1 | _aGat, J.R. | |
| 245 | 1 | _aPrecipitation in the Central Amazon basin, the isotopic composition of rain and atmospheric moisture at Belem and Manaus [chuva, Brasil] | |
| 650 | _aPRECIPITACAO PLUVIAL | ||
| 650 | _aCHUVA | ||
| 650 | _aISOTOPO | ||
| 650 | _aBELEM | ||
| 650 | _aPARA | ||
| 650 | _aMANAUS | ||
| 650 | _aAMAZONAS | ||
| 773 | 0 |
_tActa Amazonica (Brazil) _xISSN 0044-5967 _g(Apr 1983), v. 13(2) p. 307-369 _wBR8304295 |
|
| 909 |
_a202311 _bLúcia _c55 _dLúcia Elande |
||
| 942 |
_2AGRIS _n0 _cANA |
||
| 999 |
_c112870 _d112870 |
||